000 00328nam a2200133Ia 4500
008 210210b1995 xxu||||| |||| 00| 0 eng d
082 _a155.2 DOUH
100 _aDOUGLAS (Mack R).
245 _aHow to win the high self-esteem.
260 _aND
_bU B S P D Ltd.
_c1995
300 _a206
690 _aPsychology
906 _a050208
999 _c99029
_d99029